000 00358nam a2200157Ia 4500
001 8711
003 GE_BSU
008 181216s||||||||xx |||||||||||||| ||und||
040 _cGE_BSU
245 4 _aThe Economist, January 18th-24th 2014
245 _bNumber 8870.Volume 410
260 _c2014
300 _a90p.30sm.
653 _aThe Economist
942 _cCR
999 _c42023
_d42023